| 000 | 00754nas a2200229 4500 | ||
|---|---|---|---|
| 001 | BR9104399 | ||
| 003 | BR-BrBNA | ||
| 005 | 20231205092203.0 | ||
| 007 | ta | ||
| 008 | 230509b bl.|||p| |||| 00| 00por d | ||
| 040 |
_aBR-BrBNA _bpor _cBiblioteca Nacional de Agricultura |
||
| 041 | _a(Pt) | ||
| 072 | _aL74 | ||
| 100 | 1 | _aNascimento, M.D. do | |
| 245 | 1 | _aColoracao para laminas de imunodifusao - teste de "Coggins" para o diagnostico de anemia infecciosa equina | |
| 650 | _aEQUINO | ||
| 650 | _aANEMIA INFECCIOSA | ||
| 650 | _aDIAGNOSTICO | ||
| 773 | 0 |
_tArquivos Fluminenses de Medicina Veterinaria (Brazil) _xISSN 0102-7794 _g(Oct-Dec 1987), v. 2(4) p. 111-112 _wBR9104399 |
|
| 909 |
_a202311 _bLúcia _c55 _dLúcia Elande |
||
| 942 |
_2AGRIS _n0 _cANA |
||
| 999 |
_c129952 _d129952 |
||